Noticia de la epidemia de tercianas que se padeció en varios pueblos del Urgel y otros parages del Principado de Cataluña en el año de 1785 (Record no. 103062)
[ view plain ]
| 000 -LEADER | |
|---|---|
| campo de control de longitud fija | 01217nam a22002655i 4500 |
| 001 - NÚMERO DE CONTROL | |
| campo de control | 103062 |
| 003 - IDENTIFICADOR DE NÚMERO DE CONTROL | |
| campo de control | ES-MaACL |
| 005 - FECHA Y HORA DE LA ÚLTIMA TRANSACCIÓN | |
| campo de control | 20230906183246.0 |
| 007 - CAMPO FIJO DE DESCRIPCIÓN FÍSICA--INFORMACIÓN GENERAL | |
| campo de control de longitud fija | t| |
| 008 - DATOS DE LONGITUD FIJA--INFORMACIÓN GENERAL | |
| campo de control de longitud fija | 060110s1786 sp ||||1| spa d |
| 040 ## - FUENTE DE CATALOGACIÓN | |
| Centro catalogador/agencia de origen | CAT |
| Lengua de catalogación | spa |
| Centro/agencia transcriptor | CAT |
| Centro/agencia modificador | CCPB |
| 080 ## - NÚMERO DE LA CLASIFICACIÓN DECIMAL UNIVERSAL | |
| Número de la Clasificación Decimal Universal | 616.936.2(467.12)"17" |
| 100 1# - ENTRADA PRINCIPAL--NOMBRE DE PERSONA | |
| Nombre de persona | Balaguer, Gaspar. |
| 9 (RLIN) | 24802 |
| 245 10 - MENCIÓN DEL TÍTULO | |
| Título | Noticia de la epidemia de tercianas que se padeció en varios pueblos del Urgel y otros parages del Principado de Cataluña en el año de 1785 |
| Resto del título | : formada de orden de la Real Junta de Sanidad ... / |
| Mención de responsabilidad, etc. | [por Gaspar Balaguer, Vicente Grasset]. |
| 260 ## - PUBLICACIÓN, DISTRIBUCIÓN, ETC. | |
| Lugar de publicación, distribución, etc. | Barcelona : |
| Nombre del editor, distribuidor, etc. | por la viuda Piferrer : |
| -- | , vendese en su librería administrada por Juan Sellent, |
| Fecha de publicación, distribución, etc. | [1786] |
| 300 ## - DESCRIPCIÓN FÍSICA | |
| Extensión | [20], 75, [1] p. ; |
| Dimensiones | 4º (21 cm) |
| 500 ## - NOTA GENERAL | |
| Nota general | Mención de responsabilidad tomada de la p. 75. |
| 500 ## - NOTA GENERAL | |
| Nota general | Texto fechado: "2 de febrero de 1786" (p. 75) |
| 500 ## - NOTA GENERAL | |
| Nota general | Tít. en portadilla: "Epidemia en Urgel del año de 1785" |
| 650 14 - PUNTO DE ACCESO ADICIONAL DE MATERIA--TÉRMINO DE MATERIA | |
| Término de materia o nombre geográfico como elemento de entrada | Fiebre terciana- |
| Subdivisión geográfica | Lérida (Provincia)- |
| Subdivisión cronológica | S.XVIII. |
| 9 (RLIN) | 12775 |
| 700 1# - ENTRADA AGREGADA--NOMBRE PERSONAL | |
| Nombre de persona | Grasset, Vicente. |
| 9 (RLIN) | 59703 |
| 710 2# - ENTRADA AGREGADA--NOMBRE DE ENTIDAD CORPORATIVA | |
| Nombre de entidad corporativa o nombre de jurisdicción como elemento de entrada | Real Junta de Sanidad. |
| 9 (RLIN) | 6361 |
| 740 0# - ENTRADA AGREGADA--TÍTULO RELACIONADO/ANALÍTICO NO CONTROLADO | |
| Título relacionado o analítico no controlado | Epidemia en Urgel del año de 1785. |
| 852 ## - LOCALIZACIÓN | |
| Ubicación | ES-MaACL |
| Número de control de estantería | R-3431(9) |
| Estatus retirado | Estado de pérdida | Estado de daño | No para préstamo | Colección | Biblioteca de origen | Biblioteca actual | Ubicación en estantería | Fecha de adquisición | Fuente de adquisición | Total de préstamos | Signatura topográfica completa | Código de barras | Visto por última vez | Precio de reemplazo | Tipo de ítem Koha |
|---|---|---|---|---|---|---|---|---|---|---|---|---|---|---|---|
| Libros del s. XVIII | Biblioteca del Ateneo de Madrid | Biblioteca del Ateneo de Madrid | Depósito | 17/01/2008 | R-3431(9) | 1107620 | 23/02/2023 | 23/02/2023 | Libro impreso antiguo |
